000 00575nam a2200241 a 4500
001 nice12345678
003 IN_TiNIC
005 20260116011656.0
008 050524s1900 luda grp 000 0 urd
020 _a
_c100
082 0 0 _a239
_bROV
100 _aRovs, R
245 _aSurah Fateha Aur Dusre Rasaiyel.
260 _aLudhiana
_bChristian Lit. Society
_c1900
300 _a14p
500 _aincludes index and biblioraphy
505 2 _atwenty other tracts
650 _aApologetics
700 1 _aRovs, R
902 _bSRS
942 _cBK
999 _c3323
_d3323